00480 2200169 4500001002100000008004100021035002000062245008200082100001700164260004300181300001200224020001800236084001800254082000800272650001200280990001800292INLIS000000000000974 ind  a0010-0724000974 aLAUT Melihat lebih dekat semua bentuk kehidupan di lautan duniacPAUL BENNETT aPAUL BENNETT aJakartabPT.Elexmedia Komputindoc2004 a32 hlm. a979-20-5648-3 a551.456 Ben H a551 aGeologi aP29/CP/24/974